Normal view
MARC view
- Santana Vega, Lidia E.
Entry Nombre Personal
001 - NUMERO DE CONTROL
- campo de control: 31265
003 - IDENTIFICADOR DE NUMERO DE CONTROL
- campo de control: DLC
005 - FECHA Y HORA DE LA ÜLTIMA TRANSACCIÓN
- campo de control: 20220922115620.0
008 - DATOS DE LONGITUD FIJA
- campo de control de longitud fija: 220922n| azannaabn |a aaa
010 ## - NÚMERO DE CONTROL DE LA BIBLIOTECA DEL CONGRESO
- Número de control LC: n 2004099931
035 ## - NUMERO DE CONTROL
- Número de control: (OCoLC)oca06328074
040 ## - FUENTE DE CATALOGACIÓN
- Agencia original de catalogación: DLC
- Lenguaje de catalogación: spa
- Agencia de transcripción: DLC
- Description conventions: rda
- Agencia que lo modifica: PE-LiPUB
- Agencia que lo modifica: MX-MxUPN
100 1# - ENCABEZAMIENTO - NOMBRE PERSONAL
- Nombre personal: Santana Vega, Lidia E.
373 ## - GRUPO ASOCIADO
- Associated group: Universidad de La Laguna
374 ## - OCUPACIÓN
- Occupation: Profesora universitaria
375 ## - GÉNERO
- Gender: femenino
400 1# - VEÁSE - NOMBRE DE PERSONA
- Personal name: Vega, Lidia E. Santana
400 1# - VEÁSE - NOMBRE DE PERSONA
- Personal name: Santana, Lidia E.
670 ## - FUENTE EN LA QUE SE LOCALIZARON DATOS
- Cita de la fuente: Trabajo, educación y cultura, c2001:
- Información localizada: portada (Lidia E. Santana Vega, profesora titular de didáctica y organización escolar de la Univ. de la Languna)
670 ## - FUENTE EN LA QUE SE LOCALIZARON DATOS
- Cita de la fuente: Orientación educativa e intervención psicopedagógica: cambian los tiempos, cambian las responsabilidades profesionales, 2003:
- Información localizada: cubierta posterior (Lidia E. Santana; es catedrática de Didáctica y Organización Escolar de la Universidad de La Laguna)
902 ## - CATALOGADOR
- Catalogador: NDAF/220922
